00859nam a2200229 a 4500001001000000003000500010005001700015008004100032010001100073011001100084040000900095100003200104245013500136260004100271500006000312502009100372650002300463650002700486650002200513650002400535856007000559000114970CHAP20220329144506.0180821s2018 mx a |sm |||||||spa d a111431 a112403 cCHAP1 aSoto Cerecer, Carlos Lauro.10aSeleccón de mutantes de soya (R2M4) para consumo humano ciclo agricola de 100 diash[En línea]cpor Carlos Lauro Soto Cerecer. aChapingo, Méx. :bEl autor,c2018. aPara ver el contenido del material haga clic en la liga aTesis (Ing. Agr. Fitotecnista) -- Colegio Superior Agropecuario del Estado de Guerrero14aFechas de siembra.14aMutación en plantas.14aSoyaxGenética.14aSoyaxMejoramiento. aFinding aiduhttp://10.13.5.2/tesis/sist114970.pdfzTeclea aquí